00805pam a2200253 a 45000010008000000030005000080050017000130080041000300100017000710200015000880380013001030400018001160500021001340820023001551000024001782450058002022500012002602600023002723000035002955040039003306500020003698560088003898560074004771951226NUST20191112185854.0871214s1989 nyua b 001 0 eng  a 87034689  a0471812005 aM.Ramzan aDLCcDLCdDLC00aTA706b.G65 198900a624.15132219bGOO1 aGoodman, Richard E.10aIntroduction to rock mechanics /cRichard E. Goodman. a2nd ed. aNew York :bWiley, axiii, 562 p. :bill. ;c24 cm. aIncludes bibliographies and index. 0aRock mechanics.423Publisher descriptionuhttp://www.loc.gov/catdir/description/wiley033/87034689.html4 3Table of Contentsuhttp://www.loc.gov/catdir/toc/onix04/87034689.html